[Event "Harrogate 4NCL op 27th"]
[Site "Harrogate"]
[Date "2022.01.23"]
[Round "5"]
[White "Sedykh, Mikhail"]
[Black "Sowray, Peter John"]
[Result "1-0"]
[WhiteElo "2122"]
[BlackElo "2239"]
[PlyCount "131"]
[EventDate "2022.01.21"]
[EventType "swiss"]
[EventRounds "5"]
[EventCountry "ENG"]
[SourceTitle "CBM 206 Extra"]
[Source "ChessBase"]
[SourceDate "2022.03.31"]
[SourceVersion "1"]
[SourceVersionDate "2022.03.31"]
[SourceQuality "1"]

1. d4 d5 2. c4 e6 3. Nc3 Nf6 4. cxd5 exd5 5. Bg5 c6 6. e3 Bd6 7. Qc2 0-0 8. Bd3 h6 9. Bh4 Re8 10. Nf3 a5 11. 0-0 Na6 12. a3 Nc7 13. Rfe1 Bg4 14. Nd2 Bd7 15. f3 Ne6 16. Nf1 Ng5 17. Kh1 Bf8 18. Rad1 Qb6 19. Bf2 c5 20. Qd2 Bc6 21. Bb1 Rad8 22. Ng3 Qc7 23. h4 Ne6 24. Qc2 g6 25. h5 g5 26. Nf5 cxd4 27. Bg3 Qd7 28. Be5 d3 29. Rxd3 Nc5 30. Rxd5 Qe6 31. Rxd8 Rxd8 32. Bd4 a4 33. Ne2 Nb3 34. Bc3 Na1 35. Qc1 Nxh5 36. b4 Nb3 37. Qc2 Qg6 38. Qb2 Qe6 39. Qc2 Qg6 40. Qb2 Qe6 41. Ned4 Nxd4 42. Nxd4 Qd7 43. Qc2 f5 44. Nxc6 bxc6 45. Ba2+ Kh7 46. g4 Ng7 47. Bb1 Qd5 48. e4 fxe4 49. Qxa4 Qc4 50. Bxe4+ Kh8 51. Qxc6 Qxc6 52. Bxc6 Rd3 53. Rc1 Kg8 54. Be4 Re3 55. Kg1 Re2 56. Kf1 Rh2 57. Kg1 Re2 58. Bd3 Re3 59. Bc4+ Kh7 60. Kf2 Re8 61. a4 Rc8 62. Bd3+ Kg8 63. b5 Ba3 64. Rc2 Ne6 65. Bf5 Bc5+ 66. Kf1 1-0

[Event "Harrogate 4NCL op 27th"]
[Site "Harrogate"]
[Date "2022.01.23"]
[Round "4"]
[White "Sowray, Peter John"]
[Black "Derakhshani, Borna"]
[Result "0-1"]
[WhiteElo "2239"]
[BlackElo "2361"]
[PlyCount "114"]
[EventDate "2022.01.21"]
[EventType "swiss"]
[EventRounds "5"]
[EventCountry "ENG"]
[SourceTitle "CBM 206 Extra"]
[Source "ChessBase"]
[SourceDate "2022.03.31"]
[SourceVersion "1"]
[SourceVersionDate "2022.03.31"]
[SourceQuality "1"]

1. d4 d5 2. c4 c6 3. Nf3 Nf6 4. Nc3 dxc4 5. a4 Bf5 6. Ne5 Nbd7 7. Nxc4 Nb6 8. Ne5 a5 9. g3 Nbd7 10. Nf3 e6 11. Bg2 Bb4 12. 0-0 0-0 13. Nh4 Bg4 14. h3 Bh5 15. g4 Nd5 16. Nf3 Bg6 17. Qb3 Qb6 18. Bd2 Bd6 19. Qxb6 N7xb6 20. Rfc1 Nc4 21. Nxd5 exd5 22. Bc3 Be7 23. b3 Nd6 24. Ne5 Ne4 25. Be1 Ra6 26. e3 f6 27. Nxg6 hxg6 28. f3 Ng5 29. h4 Ne6 30. Bf1 Ra7 31. Bd3 f5 32. Bf2 Bb4 33. Kg2 Raa8 34. Rh1 Rae8 35. h5 fxg4 36. fxg4 g5 37. h6 c5 38. Bg3 cxd4 39. hxg7 Nxg7 40. exd4 Re3 41. Bh7+ Kf7 42. Rac1 Ne6 43. Be5 Nf4+ 44. Kf2 Rxb3 45. Rc7+ Ke8 46. Rc8+ Kf7 47. Rc7+ Ke8 48. Rc8+ Ke7 49. Rc7+ Kd8 50. Bf5 Nd3+ 51. Ke2 Nxe5 52. Rhh7 Nf7 53. Rd7+ Ke8 54. Rxb7 Rb2+ 55. Kd3 Ba3 56. Rbxf7 Rxf7 57. Bg6 Rbf2 0-1

[Event "BCF-chT 2122 (4NCL)"]
[Site "England"]
[Date "2021.11.28"]
[Round "2.47"]
[White "Sowray, Peter John"]
[Black "Wall, Tim"]
[Result "1-0"]
[WhiteElo "2226"]
[BlackElo "2281"]
[PlyCount "61"]
[EventDate "2021.11.27"]
[EventType "team-swiss"]
[EventRounds "11"]
[EventCountry "ENG"]
[SourceTitle "EXT 2023"]
[Source "ChessBase"]
[SourceDate "2022.10.05"]
[SourceVersion "1"]
[SourceVersionDate "2022.10.05"]
[SourceQuality "1"]
[WhiteTeam "Barbican"]
[BlackTeam "Chessable White Rose"]
[WhiteTeamCountry "ENG"]
[BlackTeamCountry "ENG"]

1. d4 d6 2. c4 e5 3. d5 Nf6 4. Nc3 Be7 5. e4 a5 6. f3 Na6 7. Be3 Nh5 8. Nge2 h6 9. g3 Nc5 10. Bg2 Bg5 11. Bf2 0-0 12. 0-0 Bd7 13. b3 b6 14. a3 g6 15. Qc2 a4 16. b4 Nb3 17. Rad1 f5 18. Nb5 fxe4 19. fxe4 Bg4 20. h3 Bf3 21. Qd3 Bxg2 22. Kxg2 Qd7 23. Be3 Bxe3 24. Qxe3 Kg7 25. Nec3 c6 26. dxc6 Qxc6 27. Rxd6 Qxc4 28. Rd7+ Kg8 29. Rfd1 g5 30. Rc7 Qe6 31. Rd6 1-0

[Event "Leamington Spa 4NCL op 26th"]
[Site "Leamington Spa"]
[Date "2021.09.11"]
[Round "2"]
[White "Gordon, Frederick"]
[Black "Sowray, Peter John"]
[Result "1/2-1/2"]
[WhiteElo "1456"]
[BlackElo "2196"]
[PlyCount "79"]
[EventDate "2021.09.10"]
[EventType "swiss"]
[EventRounds "5"]
[EventCountry "ENG"]
[SourceTitle "CBM 204 Extra"]
[Source "ChessBase"]
[SourceDate "2021.11.30"]
[SourceVersion "1"]
[SourceVersionDate "2021.11.30"]
[SourceQuality "1"]

1. e4 e6 2. Nf3 d5 3. Nc3 Nf6 4. e5 Nfd7 5. d4 c5 6. dxc5 Nc6 7. Bf4 Nxc5 8. a3 Be7 9. Be2 0-0 10. 0-0 f5 11. exf6 Bxf6 12. Bg3 a6 13. Rb1 b5 14. Re1 Qb6 15. Bd3 Bd7 16. Qd2 Rf7 17. Rbd1 Rd8 18. Ng5 Bxg5 19. Qxg5 Nxd3 20. Rxd3 Rdf8 21. Rd2 a5 22. Qh4 b4 23. axb4 axb4 24. Ne2 Ne7 25. Qd4 Qb7 26. Nf4 Rf6 27. Rde2 Nf5 28. Qd2 Qb6 29. Nd3 b3 30. Be5 R6f7 31. c4 dxc4 32. Nf4 Bc8 33. Qc3 Bb7 34. Qh3 Bd5 35. Bc3 Ne7 36. Nxe6 Rxf2 37. Bd4 Rxe2 38. Rxe2 Bxe6 39. Bxb6 Bxh3 40. Rxe7 1/2-1/2

[Event "Newcastle Northumbria Masters"]
[Site "Newcastle on Tyne"]
[Date "2021.08.29"]
[Round "7"]
[White "Sowray, Peter John"]
[Black "Petrov, Marian"]
[Result "0-1"]
[WhiteElo "2196"]
[BlackElo "2457"]
[PlyCount "74"]
[EventDate "2021.08.26"]
[EventType "swiss"]
[EventRounds "9"]
[EventCountry "ENG"]
[SourceTitle "CBM 204 Extra"]
[Source "ChessBase"]
[SourceDate "2021.11.30"]
[SourceVersion "1"]
[SourceVersionDate "2021.11.30"]
[SourceQuality "1"]

1. c4 d6 2. d4 e5 3. d5 g6 4. e4 Bg7 5. Nc3 a5 6. Nf3 Na6 7. Be2 Nf6 8. g3 0-0 9. Nh4 Nd7 10. 0-0 Ndc5 11. Be3 Bd7 12. Qd2 Qe7 13. Rab1 Rae8 14. f3 f5 15. Ng2 Rf7 16. b3 Ref8 17. a3 fxe4 18. fxe4 Rxf1+ 19. Bxf1 a4 20. bxa4 b6 21. a5 bxa5 22. Bd3 Nxd3 23. Qxd3 Nc5 24. Qc2 a4 25. Bxc5 dxc5 26. Rf1 Rxf1+ 27. Kxf1 Qf6+ 28. Kg1 Bh6 29. Qd3 Qb6 30. Ne1 Qb3 31. Nf3 Qxa3 32. Nxe5 Bg7 33. Nd1 Qxd3 34. Nxd3 a3 35. Nc1 Ba4 36. Nf2 Bb2 37. Nfd3 Bc2 0-1

[Event "Newcastle Northumbria Masters"]
[Site "Newcastle on Tyne"]
[Date "2021.08.27"]
[Round "3"]
[White "Sowray, Peter John"]
[Black "Arkell, Keith C"]
[Result "1-0"]
[WhiteElo "2196"]
[BlackElo "2382"]
[PlyCount "127"]
[EventDate "2021.08.26"]
[EventType "swiss"]
[EventRounds "9"]
[EventCountry "ENG"]
[SourceTitle "CBM 204 Extra"]
[Source "ChessBase"]
[SourceDate "2021.11.30"]
[SourceVersion "1"]
[SourceVersionDate "2021.11.30"]
[SourceQuality "1"]

1. d4 Nf6 2. c4 c5 3. d5 e5 4. Nc3 d6 5. e4 g6 6. g3 Bg7 7. Bg2 a6 8. a4 b6 9. Nf3 0-0 10. 0-0 Nbd7 11. Ne1 Nh5 12. Nd3 Kh8 13. Be3 Ndf6 14. f3 Ng8 15. Qd2 a5 16. Kh1 Ra7 17. Rae1 Re7 18. Qd1 f5 19. exf5 Bxf5 20. Nf2 Nhf6 21. Qd2 Ref7 22. g4 Bc8 23. Nh3 h6 24. g5 hxg5 25. Nxg5 Re7 26. Qf2 Nh6 27. Qh4 Kg8 28. Bh3 Nf5 29. Bxf5 Bxf5 30. Rg1 Nh5 31. Nce4 Qd7 32. Rg2 Bxe4 33. Qxe4 Qf5 34. Qxf5 Rxf5 35. Ne4 Kh7 36. Reg1 Nf4 37. Bxf4 exf4 38. Rg4 g5 39. Rxg5 Bd4 40. Rg6 Rff7 41. R1g4 Rf8 42. Kg2 Be5 43. h4 Rd7 44. b3 Rf5 45. Kh3 Rd8 46. R4g5 Rxg5 47. Rxg5 Kh6 48. Kg4 Kh7 49. Kf5 Kh6 50. Ke6 Kh7 51. Ke7 Ra8 52. Rxe5 dxe5 53. d6 Kg6 54. d7 Kh5 55. d8Q Rxd8 56. Kxd8 Kxh4 57. Ke7 Kh3 58. Kf6 Kg2 59. Ng5 Kf2 60. Kxe5 Ke3 61. Kd5 Kd3 62. Kc6 Kc3 63. Kxb6 Kxb3 64. Kb5 1-0

[Event "Pardubice Czech op-A 31st"]
[Site "Pardubice"]
[Date "2020.09.26"]
[Round "6"]
[White "Sowray, Peter John"]
[Black "Jun, Rudolf Jr"]
[Result "1-0"]
[WhiteElo "2278"]
[BlackElo "2106"]
[PlyCount "89"]
[EventDate "2020.09.21"]
[EventType "swiss"]
[EventRounds "9"]
[EventCountry "CZE"]
[SourceTitle "CBM 198 Extra"]
[Source "ChessBase"]
[SourceDate "2020.11.30"]
[SourceVersion "1"]
[SourceVersionDate "2020.11.30"]
[SourceQuality "1"]

1. d4 Nf6 2. c4 g6 3. Nc3 Bg7 4. e4 d6 5. f3 0-0 6. Be3 e5 7. Nge2 c6 8. Qd2 exd4 9. Nxd4 d5 10. cxd5 cxd5 11. e5 Nfd7 12. f4 Nb6 13. Ndb5 Be6 14. Bc5 Re8 15. Nd6 Re7 16. Bxb6 axb6 17. Nxd5 Bxd5 18. Qxd5 Nc6 19. 0-0-0 Rc7 20. Kb1 Bf8 21. Bc4 Bxd6 22. exd6 Rd7 23. f5 Ra5 24. Bb5 Na7 25. a4 Nxb5 26. axb5 Qa8 27. Rhe1 Rd8 28. d7 Ra1+ 29. Kc2 Qa4+ 30. Kc3 Qa5+ 31. Kc2 Qa4+ 32. b3 Qa2+ 33. Kd3 Rxd1+ 34. Rxd1 Qf2 35. fxg6 hxg6 36. Rd2 Qf1+ 37. Kc2 Qa1 38. h4 Qf6 39. g3 Qe7 40. Kd1 Qe3 41. Re2 Qg1+ 42. Re1 Qxg3 43. Re8+ Kg7 44. Rxd8 Qg4+ 45. Kc2 1-0

[Event "Pardubice Czech op-A 31st"]
[Site "Pardubice"]
[Date "2020.09.23"]
[Round "3"]
[White "Trybus, Daniel"]
[Black "Sowray, Peter John"]
[Result "1-0"]
[WhiteElo "1997"]
[BlackElo "2278"]
[PlyCount "75"]
[EventDate "2020.09.21"]
[EventType "swiss"]
[EventRounds "9"]
[EventCountry "CZE"]
[SourceTitle "CBM 198 Extra"]
[Source "ChessBase"]
[SourceDate "2020.11.30"]
[SourceVersion "1"]
[SourceVersionDate "2020.11.30"]
[SourceQuality "1"]

1. e4 g6 2. d4 Bg7 3. Nc3 d6 4. f4 Nc6 5. Be3 Nf6 6. Be2 a6 7. Bf3 0-0 8. h4 e5 9. d5 exf4 10. dxc6 fxe3 11. e5 bxc6 12. exf6 Qxf6 13. Qe2 Rb8 14. Nd1 Rb4 15. g3 Qe5 16. Qg2 Rd4 17. Bxc6 Rd2 18. Ne2 d5 19. Qf3 d4 20. c3 d3 21. Nf4 Rxb2 22. Nxd3 Qd6 23. N1xb2 Bxc3+ 24. Kf1 h5 25. Be4 Qd4 26. Kg2 Bg4 27. Qf4 Bxb2 28. Rae1 Re8 29. Qxe3 Qxe3 30. Rxe3 Bd4 31. Ree1 Bc3 32. Rc1 Bd2 33. Rc4 Bd7 34. Rxc7 Bb5 35. Nf2 Ba5 36. Rc2 Kg7 37. Rhc1 Bb6 38. Bc6 1-0